000 00291nam a22001337a 4500
008 170323b xxu||||| |||| 00| 0 eng d
020 _a09208569903199810769161010
041 _aeng
080 _a616.9
100 _a8
101 _aSHM
245 _aVIRUS GENES
_cBECKER.Y
942 _2udc
_cBK
999 _c8451
_d8451